| 000 | 02052nam0a2200433 4500 | ||
|---|---|---|---|
| 001 | RU\NLR\BIBL_A\012653070 | ||
| 005 | 20250624103445.0 | ||
| 035 | _a(NLR Aleph) 012653070 | ||
| 090 |
_a12732046 _c12732046 |
||
| 100 | _a20211129d1818 |||y0rusy50 ca | ||
| 101 | 2 |
_afre _cger |
|
| 102 | _aRU | ||
| 135 | _acrcn 024anaba | ||
| 140 | _af y |||||||| ya 1000 | ||
| 200 | 1 |
_aMes loisirs ou Essais de poësie en différens genres, traductions et imitations. _fPar P. de Bihl |
|
| 210 |
_aSt.-Pétersbourg [St.- Peterburg] _cde l'imprimerie de Charles Kray _d1818 |
||
| 215 |
_a[5] с., с. VIII-X; [2], 136 с. _d8° (17 см) |
||
| 307 | _aВиньетки | ||
| 316 |
_aЭкз. РНБ (6.64.6.40): Красный марокеновый пер. с золотым тиснением. Золотой обрез _5NLR: 6.64.6.40 |
||
| 325 | _aКопия доступна в Электрон. б-ке РНБ | ||
| 517 | 1 | _aEssais de poësie | |
| 540 | 1 | _aМои досуги, или Поэтические опыты в различных жанрах, переводы и подражания | |
| 620 | _dSt.- Peterburg | ||
| 686 | 3 | _aШ6(4Фр)52-5я44{Лх1646-175} | |
| 700 | 1 |
_aBihl _bP. de _4070 |
|
| 702 | 1 |
_4610 _7ba _8ger _aKray _bK. _cиздатель _f1773-1832 _gKarl _9216530 _3RU\NLR\AUTH\770216586 |
|
| 852 |
_aNLR _j6.64.6.40 |
||
| 942 | _cBOOK | ||
| 980 | _aNB | ||
| 980 | _ain1719v | ||
| 981 | 4 | 1 | _a(41) Иностранный книжный фонд |
| 981 | 3 | 3 |
_a(33) Художественная литература _b(33) Зарубежная литература |
| 981 | 2 | 0 |
_a(20) Книжные памятники РНБ _b(20) Иностранная книга |